000 00750cab a2200241 4500
001 WB3406-35
008 090401t1998 xxu||||| |||| 00| 0 eng d
035 _a(Sirsi) u84214
041 _aeng
245 _aChesterton and Summit reverse
260 _c1998
350 _a0
490 _aWeekend Financial Times
_v12 February 1998, 16
490 _aEstates Gazette
_v(9807) 14 February 1998, 41(2)
520 _aChesterton International has reached a preliminary agreement with the Summit Group for a reverse takeover.
650 _aCHESTERTON INTERNATIONAL
650 _aMERGER
650 _aSURVEYING FIRMS
650 _aTAKEOVER
690 _aMANAGEMENT-BUSINESS MANAGEMENT-PROFESSIONAL PRACTICE
942 _n0
948 _c12/02/1998
999 _c52916
_d52916